书目信息 |
| 题名: |
美好的大学时光
|
|
| 作者: | 文东茅 著 | |
| 分册: | ||
| 出版信息: | 北京 首都经济贸易大学出版社 2004.07 |
|
| 页数: | 428页 | |
| 开本: | 22cm | |
| 丛书名: | ||
| 单 册: | ||
| 中图分类: | D645.5 | |
| 科图分类: | ||
| 主题词: | 大学生--da xue sheng--学生生活 | |
| 电子资源: | ||
| ISBN: | 7-80198-025-5 | |
| 000 | 00807nam0 2200229 450 | |
| 001 | 012006163781 | |
| 005 | 20060302134112.25 | |
| 010 | @a7-80198-025-5@dCNY25.00 | |
| 100 | @a20060302d2004 km y0chiy0120 ea | |
| 101 | 0 | @achi |
| 102 | @aCN@b110000 | |
| 105 | @ay z 000yy | |
| 200 | 1 | @a美好的大学时光@Amei hao de da xue shi guang@e给大学新生的礼物@f文东茅著@Fwen dong mao zhu |
| 210 | @a北京@c首都经济贸易大学出版社@d2004.07 | |
| 215 | @a428页@d22cm | |
| 330 | @a本书是为大学新生量身定做的指导性读物,全书分为上、中、下三篇,分为大学学习、大学生活、大学制度三部分。 | |
| 517 | 1 | @a给大学新生的礼物@Agei da xue xin sheng de li wu |
| 606 | 0 | @a大学生@Ada xue sheng@x学生生活 |
| 690 | @aD645.5@v4 | |
| 701 | 0 | @a文东茅@Awen dong mao@4著 |
| 801 | 0 | @aCN@bQSSK@c20060302 |
| 905 | @a10447@dD645.5@eW630 | |
| 美好的大学时光:给大学新生的礼物/文东茅著.-北京:首都经济贸易大学出版社,2004.07 |
| 428页;22cm |
| ISBN 7-80198-025-5:CNY25.00 |
| 本书是为大学新生量身定做的指导性读物,全书分为上、中、下三篇,分为大学学习、大学生活、大学制度三部分。 |
| ● |
| 相关链接 |
|
|
|
正题名:美好的大学时光
索取号:D645.5/W630
 
预约/预借
| 序号 | 登录号 | 条形码 | 馆藏地/架位号 | 状态 | 备注 |
| 1 | 553016 | 205530166 | 社科库509/509社科库 75排2列1层/ [索取号:D645.5/W630] | 在馆 | |
| 2 | 553017 | 205530175 | 社科库509/422社科库 27排2列5层/ [索取号:D645.5/W630] | 在馆 | |
| 3 | 553018 | 205530184 | 社科库509/509社科库 75排2列1层/ [索取号:D645.5/W630] | 在馆 |